MDQL
is popping MORE tags! Check the
thread
!
Quizzes
Events
Quiz Creation
Community
Videos
Private Events
Remove Ads
Sign In
Join for FREE
Feedback
Dark Mode
Quiz Categories
Sports
Geography
Music
Movies
Television
Just For Fun
Miscellaneous
History
Literature
Language
Science
Gaming
Entertainment
Religion
Holiday
For Kids
Quiz Lab
Recent
Popular Today
Quiz Kudos Today
Editor Picks
Curator Picks
Quizzes by...
Day
Popularity
Type
Ratings
Length
Year
Community
Subscriptions
Recent Discussions
Orange Saloon
Badges
Playlists
Quests
Create
Leaderboards
Showdown
Live 5
Trivia Bingo
Activity
Puzzle Library
Sporcle Events
Private Events
Virtual Trivia
Globe League
Become a Host
Pub Owners
SporcleCon
Opinionation
Our Games
Videos
Blog
Mobile Apps
Partnerships
Remove Ads and Go Orange
Feedback
Television
TV Characters
TV Show
Sitcom
Network
Friends
Reality Shows
Cast
South Park
Star Trek
The Simpsons
Doctor Who
Television
TV Characters
TV Show
Sitcom
Network
Friends
Reality Shows
Cast
South Park
Star Trek
The Simpsons
Doctor Who
Random Quiz
Search Sporcle
×
Quiz Lab
Quiz Lab
Television
The Simpsons
Type in answers that appear in a list
Type in answers that appear in a list
Classic
Best Score? Go Orange.
Surnames of Simpson Characters Stats
Can you name the The Simpsons Characters last names?
By
Devinel
5m
35 Questions
362 Plays
362 Plays
362 Plays
Comments
Comments
Give Quiz Kudos
Give Quiz Kudos
-
- Ratings
hide this ad
Forced Order
Answers have to be entered in order
Answers have to be entered in order
Replay
Link that replays current quiz
Next Quiz
Link to next quiz in quiz playlist
You Got
0%
They Got
Avg Score
70%
Avg Friend Score
Upgrade to see
Score Distribution
Jump to the score distribution portion of the page
Score
0/35
Timer
05:00
0
Plays Today
First name
Last Name
% Correct
Maggie
Simpson
97%
Waylon
Smithers
96.7%
Clancy
Wiggum
94.2%
Kent
Brockman
92.8%
Abraham
Simpson
89.8%
Joe
Quimby
88.7%
Milhouse
Van Houten
88.4%
Rainier
Wolfcastle
88.1%
Patty
Bouvier
87.6%
Charles Montgomery
Burns
86.7%
Carl
Carlson
84.5%
Gary
Chalmers
84.5%
Ned
Flanders
81.8%
Hans
Moleman
79.3%
Nick
Riviera
77.9%
Lenny
Leonard
76%
Barney
Gumble
76%
Edna
Krabappel
74.3%
First name
Last Name
% Correct
Nelson
Muntz
73.2%
Lionel
Hutz
71.5%
Troy
McClure
71.3%
Julius
Hibbert
70.4%
Jimbo
Jones
65.2%
John Nerdelbaum
Frink
63.8%
Martin
Prince
63%
Frank
Grimes
61.3%
Jessica
Lovejoy
56.1%
Otto
Mann
52.2%
Barry
Duffman
48.6%
Apu
Nahasapeemapetilon
48.1%
Moe
Szyslak
46.7%
Jasper
Beardley
45.9%
Johnny
Tightlips
40.6%
Snake
Jailbird
31.5%
Cletus
Spuckler
30.1%
Quiz Playlist
Details
Report
Send in Message
Add To Playlist
Classic:
Type in answers that appear in a list
Forced Order:
Answers have to be entered in order
Last Updated: Feb 16, 2017
Quiz Scoreboard
CHALLENGE
Sign Up to Join the Scoreboard
Show All
Scores
Hide
Comments
May contain spoilers
Recently Published
Colored Red Africa Blitz
by spor1
Geography
30s
Find the 'City' Movie
by crazypaving
Movies
60s
5x2 Blitz: Bands
by SL_Kpop136
Music
30s
More to Explore
Quiz From the Vault
Featured Blog Post
14 Easter Pick-up Lines to Find Eggs With
hide this ad
You Might Also Like...
Tags
Animation Quiz
The Simpsons Quiz
Character
job
last
Today's Top Quizzes in Television
Browse Television
hide this ad
Today's Top Quizzes in The Simpsons
Browse The Simpsons
Top Contributed Quizzes in Television
1
Survivor Journey Challenge
2
Brooklyn Nine Nine Logic Puzzle (How-To-Play)
3
Total Drama Characters
4
Phoebe Buffay Quotes
5
Survivor Trivia
6
Survivor Logic Puzzle: Heroes vs. Villains
7
Emmerdale Characters (from August 2012)
8
One Tree Hill Logic Puzzle
9
Adjectives in 00s TV Shows
10
All US Survivor Seasons in Order
Explore More
Trending Topics
Crossword
NBA
Kpop
Anime
Marvel
Harry Potter
Disney
Puzzle
NFL
Song
WWE
Pokémon
The Office
Country
Soccer
hide this ad
More By:
Devinel
Quiz
Plays
Rating
Category
Featured
Created
'N'-Less States
412,831
4.52
Geography
Nov 10, 2010
The Simpsons A-Z
212,280
4.14
Television
Oct 1, 2010
The Keyboard Alphabet
199,910
3.17
Just For Fun
Oct 31, 2010
IMDb Movie Genres
100,596
4.38
Movies
Jan 9, 2011
Languages Spoken in Canada
74,556
4.62
Language
Oct 31, 2010
Go to Creator's Profile
Score Distribution
Quiz Creator Spotlight
Devinel
Follow
Send a Message
Quizzes Created
-
Created Quiz Play Count
-
More By This Creator
Popular Quizzes Today
1
Colored Red Africa Blitz
2
Find the 'City' Movie
3
5x2 Blitz: Bands
4
Find the US States - No Outlines Minefield
5
The Countries of the World
6
Find the US States
7
US States
8
Find the Countries of Europe - No Outlines Minefield
More Television Quizzes
Simpsons Among Us Skins
Quiz Lab
Trending Quizzes
Colored Red Europe Blitz I
Colored Red Europe Blitz II
Colored Red Africa Blitz II
Colored Red Europe Blitz III
Colored Red Africa Blitz III
Recently Updated
How Do You Spell That?
pecheneg
Godzilla Movies
pecheneg
Grab Bag: 4-10 Letters
pecheneg
2024 March Madness Bracket
pecheneg
Famous TV Couples
Peacemaker
Champions League XIs: Real Madrid
pecheneg
Largest US Cities 1790-2010
pecheneg
Rides in Walt Disney World
pecheneg
Most Oscar Losses (Acting)
pecheneg
Beyoncé Albums
pecheneg
Trending Topics
Anime
NBA
Harry Potter
Kpop
Crossword
Disney
Marvel
NFL
The Office
Song
WWE
Soccer
Pokémon
Puzzle
Country
Your Account Isn't Verified!
In order to create a playlist on Sporcle, you need to verify the email address you used during registration. Go to your
Sporcle Settings
to finish the process.
Report this User
Report this user for behavior that violates our
Community Guidelines
.
Details:
Send Report
Go to the Sporcle.com Mobile Site →
Comments